Statistics for All Time MLB Stolen Bases Leaders

Click here to take the quiz!

General Stats

  • This quiz has been taken 91 times
  • The average score is 4 of 9

Answer Stats

Bases StolenAnswer% Correct
1406Rickey Henderson
100%
938Lou Brock
81%
892Ty Cobb
75%
752Vince Coleman
60%
808Tim Raines
55%
912Billy Hamilton
34%
745Eddie Collins
14%
738Max Carey
4%
739Arlie Latham
3%

Score Distribution

Percentile by Number Answered

Percent of People with Each Score

Your Score History

You have not taken this quiz